| 000 | 01230nam0a22002891 4500 | ||
|---|---|---|---|
| 001 | rc\622558 | ||
| 005 | 20031121164136.0 | ||
| 035 | _a(NLR Aleph) 005865404 | ||
| 090 |
_a5922776 _c5922776 |
||
| 100 | _a20031121d1986 u |0rusy50 ca | ||
| 101 | 0 | _arus | |
| 102 | _aRU | ||
| 105 | _ay ||||||||| | ||
| 200 | 1 |
_aМетодическое обеспечение научно-информационной деятельности _f[Э.Н. Замуруев, Н.Г. Румянцева, Л.Й. Мальцене, к. т. н.] |
|
| 210 |
_aМ. _cНИИВШ _d1986 |
||
| 215 |
_a32 с. _d20 |
||
| 225 | 1 |
_aНаучная организация информационной работы в высшей и средней специальной школе _eОбзор. информ. _fНИИ пробл. высш. школы _vВып. 3 |
|
| 300 | _aВ надзаг. также: М-во высш. и сред. спец. образования СССР | ||
| 320 | _aБиблиогр.: с. 30-32 | ||
| 700 | 1 |
_aЗамуруев _bЭ. Н. |
|
| 701 | 1 |
_aРумянцева _bН. Г. |
|
| 701 | 1 |
_aМальцене _bЛ. Й. |
|
| 801 | 0 |
_aRU _bNLR _gpsbo |
|
| 801 | 1 |
_aRU _bELAR _2rusmarc |
|
| 852 |
_aNLR _jП28/1346 |
||
| 942 | _cBOOK | ||
| 980 | _aNB | ||